Normal view MARC view

Entry Topical Term

Number of records used in: 1

001 - CONTROL NUMBER

  • control field: 848308

003 - CONTROL NUMBER IDENTIFIER

  • control field: OSt

005 - DATE AND TIME OF LATEST TRANSACTION

  • control field: 20251015102703.0

008 - FIXED-LENGTH DATA ELEMENTS

  • fixed length control field: 251015|| aca||aabn | a|a d

040 ## - CATALOGING SOURCE

  • Original cataloging agency: OSt
  • Transcribing agency: OSt

150 ## - HEADING--TOPICAL TERM

  • Topical term or geographic name entry element: Sociology

670 ## - SOURCE DATA FOUND

  • Source citation: Work cat.: (OSt)579819: Chakravorty, Pallabi. 289903, Dance matters: Performing India. , 2010
Copyright @ Delhi University Library System